<A> new look at exchange rate volatility and trade flows

Guardado en:
Detalles Bibliográficos
Formato: Libro
Lenguaje:inglés
Publicado: Washington, D.C. IMF 2004
Colección:Occasional paper 235
Materias:
Etiquetas: Agregar Etiqueta
Sin Etiquetas, Sea el primero en etiquetar este registro!

MARC

LEADER 00000nam$a2200000$$$4500
001 0024527
005 20240315115554.5
020 |a 1-58906-358-9 
041 0 |a eng 
044 |a US 
245 1 0 |a <A> new look at exchange rate volatility and trade flows 
264 1 |a Washington, D.C.  |b IMF  |c 2004 
300 |a v, 63 s. 
490 1 |a Occasional paper  |v 235 
830 0 |a Occasional paper  |v 235 
610 2 0 |a kurz devízový 
610 2 0 |a obchod 
610 2 0 |a kurz menový 
610 2 0 |a porovnanie medzinárodné